'We Are The World' Lyrics - Statistics

General Stats
  • This quiz has been taken 912 times
    911 since last reset
  • The average score is 25 of 38
Answer Stats
Hint Answer % Correct
There comes a ____ time
97%
__ ___ the world, We are
88%
__ ___ the world, We are
88%
we are the ________ children
86%
we are the ________ children
86%
when we heed a certain ____ call
82%
So lets start ______ giving
82%
So lets start ______ giving
82%
When the ____ must come together as ___ world, one
82%
There are ______ _____ people, dying
75%
There's a ______ we're making choice
74%
There's a ______ we're making choice
74%
Just ___ ___ __ you and me
74%
Just ___ ___ __ you and me
74%
It's true we'll make a ______ ___ better day
72%
It's true we'll make a ______ ___ better day
72%
We are the ones who make a ________ ___ brighter day
68%
We are the ones who make a ________ ___ brighter day
68%
We are all a part of Gods great big ______ family
68%
We can't __ __ go on
67%
And its time to ____ a hand to life, The greatest ____ of all lend, gift
65%
And the truth, you know, ____ is all we need Love
65%
We're ______ our own _____ saving, lives
65%
We're ______ our own _____ saving, lives
65%
so they'll know that someone _____ cares
64%
__________ day by day pretending
64%
So we all must lend a _______ ____ helping hand
55%
well well well well Let __ realize us
54%
That someone, will soon ____ _ ______ make a change
53%
When you're ____ and out, down
50%
But if you just _______ believe
49%
there seems __ ____ at all no hope
48%
that a ______ can only come change
47%
there's no way we can ____ fall
46%
When we _____ together as one stand
44%
____ them your heart Send
38%
As God has _____ us by turning stones to bread shown
37%
And their lives will be ________ and ____ stronger, free
33%
No matching quizzes found
Score Distribution
Percent of People with Each Score
Percentile by Number Answered
Your Score History
You have not taken this quiz since the last reset